000
00311nam a2200121Ia 4500
008
241015s9999 xx 000 0 und d
041
_a
eng
082
_a
658.312 LLO
100
_a
Lloyd
245
_a
Performance Appraisals and Phrases For Dummies
260
_b
Wiley
_a
New Dehli
_c
2009
300
_a
342;. P. 22 cm
999
_c
41621
_d
41621